000 00820cab a2200265 4500
001 WB3308-36
008 090401t1997 xxu||||| |||| 00| 0 eng d
035 _a(Sirsi) u55655
041 _aeng
245 _aPartnership law planned
260 _c1997
350 _a0
490 _aFinancial Times
_v21 February 1997, 1(1)
520 _aGovernment has revealed proposals for a partnership law designed to stop professional firms registering offshore in Jersey to limit their legal risks.
650 _aDTI CONSULTATION PAPER
650 _aJERSEY
650 _aLEGAL LIABILITY
650 _aLIMITED LIABILITY PARTNERSHIPS
650 _aOFFSHORE
650 _aPARTNERSHIPS
650 _aREGISTERING
690 _aMANAGEMENT-BUSINESS MANAGEMENT-PROFESSIONAL PRACTICE
942 _n0
948 _c04/03/1997
999 _c34019
_d34019